MDQL
is popping MORE tags! Check the
thread
!
Quizzes
Events
Quiz Creation
Community
Videos
Private Events
Remove Ads
Sign In
Join for FREE
Feedback
Dark Mode
Quiz Categories
Sports
Geography
Music
Movies
Television
Just For Fun
Miscellaneous
History
Literature
Language
Science
Gaming
Entertainment
Religion
Holiday
For Kids
Quiz Lab
Recent
Popular Today
Quiz Kudos Today
Editor Picks
Curator Picks
Quizzes by...
Day
Popularity
Type
Ratings
Length
Year
Community
Subscriptions
Recent Discussions
Orange Saloon
Badges
Playlists
Quests
Create
Leaderboards
Showdown
Live 5
Trivia Bingo
Activity
Puzzle Library
Sporcle Events
Private Events
Virtual Trivia
Globe League
Become a Host
Pub Owners
SporcleCon
Opinionation
Our Games
Videos
Blog
Mobile Apps
Partnerships
Remove Ads and Go Orange
Feedback
Geography
Country
Landmarks
City
State
Population
World
Capital
Continent
Flags
Europe
Africa
Asia
South America
North America
Oceania
Border
Canada
United Kingdom
Topography
United States
Geography
Country
Landmarks
City
State
Population
World
Capital
Continent
Flags
Europe
Africa
Asia
South America
North America
Oceania
Border
Canada
United Kingdom
Topography
United States
Random Quiz
Search Sporcle
×
Quiz Lab
Quiz Lab
Geography
College
Type in answers that appear in a list
Type in answers that appear in a list
Classic
Best Score? Go Orange.
Colleges and Universities of Michigan Stats
Can you name the colleges and universities of Michigan?
By
redwing61
10m
50 Questions
491 Plays
491 Plays
491 Plays
Comments
Comments
Give Quiz Kudos
Give Quiz Kudos
-
- Ratings
hide this ad
More Info
Replay
Link that replays current quiz
Next Quiz
Link to next quiz in quiz playlist
You Got
0%
They Got
Avg Score
47%
Avg Friend Score
Upgrade to see
Score Distribution
Jump to the score distribution portion of the page
Score
0/50
Timer
10:00
0
Plays Today
Type / # of Students
Institution
% Correct
Public /
41,674
University of Michigan
99.6%
Public /
47,800
Michigan State University
98.6%
Public /
22,974
Eastern Michigan University
95.1%
Public /
25,045
Western Michigan University
94.9%
Public /
28,389
Central Michigan University
92.7%
Public /
9,061
Northern Michigan University
86.4%
Public /
32,564
Wayne State University
82.5%
Public /
24,662
Grand Valley State University
79.2%
Public /
19,053
Oakland University
77.2%
Public /
6,957
Michigan Technological University
76.4%
Private /
5,450
University of Detroit Mercy
74.1%
Public /
8,138
University of Michigan–Flint
71.5%
Private liberal arts /
1,340
Kalamazoo College
70.5%
Private liberal arts /
1,572
Albion College
70.1%
Public /
14,381
Ferris State University
69.7%
Public /
8,635
University of Michigan–Dearborn
69.2%
Private liberal arts /
1,654
Adrian College
67.8%
Private liberal arts /
1,336
Alma College
66.4%
Public /
10,790
Saginaw Valley State University
64%
Private liberal arts /
1,402
Hillsdale College
63.3%
Private liberal arts /
3,200
Hope College
61.9%
Public /
2,521
Lake Superior State University
56.4%
Private liberal arts /
4,075
Calvin College
51.7%
Private liberal arts /
2,940
Spring Arbor University
48.7%
Private /
12,471
Davenport University
44.2%
Type / # of Students
Institution
% Correct
Private /
1,987
Northwood University
39.7%
Private /
43,000
Baker College
38.9%
Private /
892
Rochester College
35.6%
Private liberal arts /
4,000
Madonna University
34.4%
Private liberal arts /
1,872
Aquinas College
33.4%
Private /
1,922
Kettering University
32.8%
Private /
4,000
Lawrence Technological University
30.8%
Private liberal arts /
711
Concordia University
28.9%
Private liberal arts /
1,145
Olivet College
25.7%
Private liberal arts /
2,307
Siena Heights University
25.5%
Private law /
535
Thomas M. Cooley Law School
25.3%
Private liberal arts /
2,600
Cornerstone University
24.4%
Private /
500
Finlandia University
24%
Private business /
4,492
Walsh College
21.4%
Private liberal arts /
1,300
Marygrove College
17.3%
Private /
813
Cleary University
14.7%
Private /
3,420
Andrews University
13.4%
Private art /
1,358
College for Creative Studies
13.4%
Private /
173
Grace Bible College
12.8%
Private /
300
Kuyper College
10.2%
Private /
260
Great Lakes Christian College
5.9%
Private /
500
Michigan Jewish Institute
5.5%
Private /
90
Robert B. Miller College
3.9%
Private graduate /
149
Michigan School of Professional Psychology
3.5%
Private art /
150
Cranbrook Academy of Art
3.3%
Quiz Playlist
Details
Report
Send in Message
Add To Playlist
More Info:
Does not include for-profit or unaccredited institutions, community colleges or seminaries.
Classic:
Type in answers that appear in a list
Last Updated: Feb 16, 2017
Quiz Scoreboard
CHALLENGE
Sign Up to Join the Scoreboard
Show All
Scores
Hide
Comments
May contain spoilers
Recently Published
Find the 'City' Movie
by crazypaving
Movies
60s
5x2 Blitz: Bands
by SL_Kpop136
Music
30s
Colored Red Africa Blitz
by spor1
Geography
30s
More to Explore
Quiz From the Vault
Featured Blog Post
14 Easter Pick-up Lines to Find Eggs With
hide this ad
You Might Also Like...
Tags
College Quiz
University Quiz
michigan
Today's Top Quizzes in Geography
Browse Geography
hide this ad
Today's Top Quizzes in College
Browse College
Top Contributed Quizzes in Geography
1
Countries of the World - No Outlines Minefield
2
Colored Red Europe Blitz I
3
Colored Red Africa Blitz II
4
Colored Red Europe Blitz II
5
Colored Red Africa Blitz III
6
Colored Red Europe Blitz III
7
Colored Red States Blitz I
8
African Flag Reveal XLVI
9
Colored Red States Blitz II
10
Colored Red States Blitz III
Explore More
Trending Topics
Marvel
NBA
Harry Potter
Crossword
Disney
Anime
Kpop
Pokémon
Song
Country
The Office
Soccer
NFL
WWE
Puzzle
hide this ad
More By:
redwing61
Quiz
Plays
Rating
Category
Featured
Created
U.S. States by Canadian Border Length
3,670
4.36
Geography
Apr 8, 2011
NCAA Men's Division I College Hockey Teams
1,603
4.60
Sports
Nov 16, 2011
100 (More) Classic Rock Bands/Artists
543
5.00
Music
Mar 18, 2017
Colleges and Universities of Michigan
491
4.00
Geography
Nov 12, 2011
Most-Populous Non-Suburb Michigan Cities
397
3.60
Geography
Oct 21, 2011
Go to Creator's Profile
Score Distribution
Quiz Creator Spotlight
redwing61
Follow
Send a Message
Quizzes Created
-
Created Quiz Play Count
-
More By This Creator
Popular Quizzes Today
1
Colored Red Africa Blitz
2
Find the 'City' Movie
3
Find the US States - No Outlines Minefield
4
5x2 Blitz: Bands
5
The Countries of the World
6
Find the US States
7
US States
8
Find the Countries of Europe - No Outlines Minefield
More Geography Quizzes
Small Geography
Published
Trending Quizzes
Colored Red Europe Blitz I
Colored Red Africa Blitz II
Colored Red Europe Blitz II
Colored Red Africa Blitz III
Colored Red Europe Blitz III
Recently Updated
How Do You Spell That?
pecheneg
Godzilla Movies
pecheneg
Grab Bag: 4-10 Letters
pecheneg
2024 March Madness Bracket
pecheneg
Famous TV Couples
Peacemaker
Champions League XIs: Real Madrid
pecheneg
Largest US Cities 1790-2010
pecheneg
Rides in Walt Disney World
pecheneg
Most Oscar Losses (Acting)
pecheneg
Beyoncé Albums
pecheneg
Trending Topics
Marvel
Anime
Disney
Kpop
NBA
Crossword
Harry Potter
Country
NFL
WWE
Soccer
Pokémon
Song
Puzzle
The Office
Your Account Isn't Verified!
In order to create a playlist on Sporcle, you need to verify the email address you used during registration. Go to your
Sporcle Settings
to finish the process.
Report this User
Report this user for behavior that violates our
Community Guidelines
.
Details:
Send Report
Go to the Sporcle.com Mobile Site →
Comments